ShaktiMa No Veh /

Bibliographic Details
Main Author: Jhala, Jayasinhji (Author)
Corporate Author: Kanopy (Firm)
Format: Video
Language:Gujarati
Language Notes:In Gujarati, Subtitles in English.
Published: [San Francisco, California, USA] : Kanopy Streaming, 2014.
Series:Ethnographic Video Online, Volume 1
Subjects:
Online Access:Connect to this streaming video

MARC

Tag First Indicator Second Indicator Subfields
LEADER 00000cgm a22000001i 4500
001 in00003584113
006 m o c
007 vz uzazuu
007 cr una---unuuu
008 141003p20142006cau055 o vlguj d
005 20260324170656.5
028 5 2 |a 1048920  |b Kanopy 
035 |a (OCoLC)897766240 
035 |a (CaSfKAN)kan1048920 
040 |a UtOrBLW  |b eng  |e rda  |c UtOrBLW  |d UtOrBLW 
041 0 |a guj  |j eng 
245 0 0 |a ShaktiMa No Veh /  |c by Jayasinhji Jhala. 
264 1 |a [San Francisco, California, USA] :  |b Kanopy Streaming,  |c 2014. 
300 |a 1 online resource (1 video file, approximately 60 min.) :  |b digital, .flv file, sound 
336 |a two-dimensional moving image  |b tdi  |2 rdacontent 
337 |a computer  |b c  |2 rdamedia 
338 |a online resource  |b cr  |2 rdacarrier 
344 |a digital 
347 |a video file  |b MPEG-4  |b Flash 
490 0 |a Ethnographic Video Online, Volume 1 
500 |a Title from title frames. 
518 |a Originally produced by Documentary Educational Resources in 2006. 
520 3 |a The Goddess Shaktima is the most popular goddess in the region of Saurashtra known as Jhalavad. This documentary presents the story of Shaktima as performed by the tradictional muslim Bhavai troupe led by Amrit Kalu Rudatala of Kankavati village. 
538 |a Mode of access: World Wide Web. 
546 |a In Gujarati, Subtitles in English. 
650 0 4 |a Indian. 
650 4 |a Plays. 
650 4 |a Hinduism. 
650 4 |a Myths and legends. 
655 7 |a Internet videos.  |2 lcgft  |0 http://id.loc.gov/authorities/genreForms/gf2011026337 
655 7 |a Nonfiction films.  |2 lcgft  |0 http://id.loc.gov/authorities/genreForms/gf2011026423 
700 1 |a Jhala, Jayasinhji,  |e author,  |e film director.  |0 http://id.loc.gov/authorities/names/no2005005795 
710 2 |a Kanopy (Firm)  |0 http://id.loc.gov/authorities/names/no2014091415 
773 0 |d Watertown, MA : Documentary Educational Resources (DER), 2006 
856 4 0 |u http://proxy.library.tamu.edu/login?url=https://texasam.kanopystreaming.com/node/48921  |z Connect to this streaming video  |t 0 
999 f f |s ebec3b03-88d5-35ca-a3eb-4cb9ac3c96a4  |i ab42dbcf-2086-38e3-884d-a50c9d37a3b0  |t 0 
952 f f |a Texas A&M University  |b College Station  |c Electronic Resources  |s www_evans  |d Available Online  |t 0  |h No information provided 
998 f f |t 0  |l Available Online